000 01502nam a2200289Ia 4500
999 _c40580
_d40580
001 7205
003 GE_BSU
005 20221230120013.0
008 181216s2011||||ge |||||||||||||| ||geo||
020 _a9789941100451
040 _cGE_BSU
041 _ageo
080 _a343(479.22)(075.8) ლ-40
100 _aლეკვეიშვილი, მზია
_916654
245 _aსისხლის სამართლის კერძო ნაწილი. წ.1. /
_cმზია ლეკვეიშვილი, ნონა თოდუა, ნინო გვენეტაძე, გოჩა მამულაშვილი ; რედაქტორი: გოჩა მამულაშვილი, მარიამ ინასარიძე.
250 _aმე-4 გამოცემა.
264 _aთბილისი :
_bმერიდიანი,
_c 2011.
300 _a769გვ.;
_b21სმ.
541 _h14ლ.
653 _aსამართალი
653 _aსაქართველოს სისხლის სამართალი
700 _aთოდუა, ნონა
_eავტორი
_95363
700 _aგვენეტაძე, ნინო
_eავტორი
_96476
700 _aმამულაშვილი, გოჩა
_eავტორი, რედაქტორი.
_95362
700 _aინასარიძე, მარიამ
_eრედაქტორი
_916655
942 _cBK
_2udc